Tổng hợp hệ màng điện cực MEA và nghiên cứu ảnh hưởng nhiệt độ của quá trình ép nhiệt lên hiệu suất của pin nhiên liệu dùng Methanol trực tiếp - DMFC : Luận văn Thạc sĩ. Chuyên ngành: Vật lý kỹ thuật
Đề tài đề cập đến Oin nhiên liệu là một dụng cụ chuyển hoá năng lượng hiệu suất cao, thân thiện với môi trường - còn gọi là "nguồn năng lượng sạch và xanh" được giới khoa học công nghệ quan tâm và nghiên cứu ngày càng rộng r...
Αποθηκεύτηκε σε:
| Κύριος συγγραφέας: | |
|---|---|
| Μορφή: | Βιβλίο |
| Γλώσσα: | Undetermined |
| Έκδοση: |
Cần Thơ
Trường Đại học Cần Thơ
2010
|
| Θέματα: | |
| Ετικέτες: |
Προσθήκη ετικέτας
Δεν υπάρχουν, Καταχωρήστε ετικέτα πρώτοι!
|
| Thư viện lưu trữ: | Trung tâm Học liệu Trường Đại học Cần Thơ |
|---|
| LEADER | 01382nam a2200217Ia 4500 | ||
|---|---|---|---|
| 001 | CTU_162133 | ||
| 008 | 210402s9999 xx 000 0 und d | ||
| 082 | |a 621.312429 | ||
| 082 | |b Ph561 | ||
| 088 | |a 60440103 | ||
| 100 | |a Trần, Thị Phượng | ||
| 245 | 0 | |a Tổng hợp hệ màng điện cực MEA và nghiên cứu ảnh hưởng nhiệt độ của quá trình ép nhiệt lên hiệu suất của pin nhiên liệu dùng Methanol trực tiếp - DMFC : | |
| 245 | 0 | |b Luận văn Thạc sĩ. Chuyên ngành: Vật lý kỹ thuật | |
| 245 | 0 | |c Trần Thị Phượng; Nguyễn Mạnh Tuấn ( Hướng dẫn Khoa học ) | |
| 260 | |a Cần Thơ | ||
| 260 | |b Trường Đại học Cần Thơ | ||
| 260 | |c 2010 | ||
| 520 | |a Đề tài đề cập đến Oin nhiên liệu là một dụng cụ chuyển hoá năng lượng hiệu suất cao, thân thiện với môi trường - còn gọi là "nguồn năng lượng sạch và xanh" được giới khoa học công nghệ quan tâm và nghiên cứu ngày càng rộng rãi. | ||
| 650 | |a Fuel cells,Methanol as fuel,Pin nhiên liệu,Methanol làm nhiên liệu | ||
| 904 | |i NThơ, Nhớ, Năm | ||
| 980 | |a Trung tâm Học liệu Trường Đại học Cần Thơ | ||